[Event "HUN-chT2 Charousek 1516"]
[Site "Hungary"]
[Date "2016.04.17"]
[Round "9.11"]
[White "Kardon, Zoltan"]
[Black "Majnay, Peter"]
[Result "1-0"]
[WhiteElo "2108"]
[BlackElo "1848"]
[PlyCount "75"]
[EventDate "2015.10.18"]
[EventType "team-tourn"]
[EventRounds "9"]
[EventCountry "HUN"]
[SourceTitle "EXT 2017"]
[Source "ChessBase"]
[SourceDate "2016.10.25"]
[SourceVersion "1"]
[SourceVersionDate "2016.10.25"]
[SourceQuality "1"]
[WhiteTeam "Hobagoly"]
[BlackTeam "Decs 1990"]
[WhiteTeamCountry "HUN"]
[BlackTeamCountry "HUN"]

1. d4 Nf6 2. Nf3 g6 3. g3 Bg7 4. Bg2 0-0 5. 0-0 d6 6. Re1 c5 7. e4 cxd4 8. Nxd4 Qb6 9. c3 Nc6 10. Na3 Bd7 11. h3 Rfd8 12. Nc4 Qc7 13. Ne3 a6 14. Bd2 e5 15. Nb3 Be6 16. Nd5 Bxd5 17. exd5 Na5 18. Nxa5 Qxa5 19. Qb3 Qc7 20. Be3 Nd7 21. Rad1 f5 22. h4 Rf8 23. f4 e4 24. Bf1 Rae8 25. Be2 Bf6 26. Kg2 Re7 27. c4 h6 28. Qa3 b6 29. b4 Rc8 30. Rb1 Rg7 31. Qxa6 g5 32. hxg5 hxg5 33. Rf1 gxf4 34. Bxf4 Ne5 35. c5 bxc5 36. bxc5 Be7 37. cxd6 Bxd6 38. Rbc1 1-0

[Event "HUN-chT2 Charousek 1516"]
[Site "Hungary"]
[Date "2016.02.14"]
[Round "5.9"]
[White "Egri, Laszlo Jr"]
[Black "Kardon, Zoltan"]
[Result "1-0"]
[WhiteElo "2254"]
[BlackElo "2108"]
[PlyCount "75"]
[EventDate "2015.10.18"]
[EventType "team-tourn"]
[EventRounds "9"]
[EventCountry "HUN"]
[SourceTitle "EXT 2017"]
[Source "ChessBase"]
[SourceDate "2016.10.25"]
[SourceVersion "1"]
[SourceVersionDate "2016.10.25"]
[SourceQuality "1"]
[WhiteTeam "Haladas II"]
[BlackTeam "Hobagoly"]
[WhiteTeamCountry "HUN"]
[BlackTeamCountry "HUN"]

1. Nf3 Nf6 2. c4 e6 3. g3 Be7 4. d4 d5 5. Bg2 0-0 6. 0-0 Nbd7 7. Nbd2 c6 8. Qc2 b5 9. b3 bxc4 10. bxc4 c5 11. Rd1 cxd4 12. Nxd4 Bb7 13. Rb1 Qc8 14. N2b3 dxc4 15. Bxb7 Qxb7 16. Na5 Qa6 17. Ndc6 Bc5 18. Qxc4 Qxc4 19. Nxc4 Nb6 20. Ba3 Bxa3 21. Nxa3 Nbd5 22. Rb7 a5 23. Nb5 Ra6 24. Rc1 g5 25. Ne5 Raa8 26. Nd6 Rab8 27. Rcb1 Rxb7 28. Rxb7 Nc3 29. Ndxf7 Nxe2+ 30. Kf1 Nd4 31. Nxg5 Rc8 32. Ra7 Rc5 33. Nef3 Nxf3 34. Ra8+ Ne8 35. Rxe8+ Kg7 36. Nxf3 Rc2 37. Rxe6 Rxa2 38. Ra6 1-0

[Event "HUN-chT2 Maroczy 1314"]
[Site "Hungary"]
[Date "2014.04.27"]
[Round "11"]
[White "Kelemen, David"]
[Black "Kardon, Zoltan"]
[Result "0-1"]
[WhiteElo "1792"]
[BlackElo "2178"]
[PlyCount "62"]
[EventDate "2013.09.08"]
[EventType "team-tourn"]
[EventRounds "11"]
[EventCountry "HUN"]
[SourceTitle "EXT 2016"]
[Source "ChessBase"]
[SourceDate "2015.10.08"]
[SourceVersion "1"]
[SourceVersionDate "2015.10.08"]
[SourceQuality "1"]
[WhiteTeam "Mako II"]
[BlackTeam "Lila Futo"]
[WhiteTeamCountry "HUN"]
[BlackTeamCountry "HUN"]

1. e4 e6 2. d4 d5 3. Nd2 dxe4 4. Nxe4 Nf6 5. Nxf6+ Qxf6 6. Nf3 h6 7. Bd3 Nd7 8. 0-0 Bd6 9. c3 0-0 10. Re1 e5 11. dxe5 Nxe5 12. Nxe5 Bxe5 13. Qh5 Bf4 14. Bxf4 Qxf4 15. Qc5 Be6 16. g3 Qd2 17. Be4 c6 18. a4 Rfd8 19. Qb4 Rd7 20. a5 a6 21. Bf3 Rad8 22. Rad1 Qg5 23. h4 Qf5 24. Be4 Rxd1 25. Bxf5 Rxe1+ 26. Kh2 Bxf5 27. Qxb7 Be4 28. g4 Rd3 29. f3 Rxf3 30. Kg2 Rff1+ 31. Kg3 Re3+ 0-1

[Event "HUN-chT2 Maroczy 1314"]
[Site "Hungary"]
[Date "2014.02.02"]
[Round "6"]
[White "Kardon, Zoltan"]
[Black "Marjanovics, Gyorgy"]
[Result "1/2-1/2"]
[WhiteElo "2178"]
[BlackElo "2035"]
[PlyCount "104"]
[EventDate "2013.09.08"]
[EventType "team-tourn"]
[EventRounds "11"]
[EventCountry "HUN"]
[SourceTitle "EXT 2016"]
[Source "ChessBase"]
[SourceDate "2015.10.08"]
[SourceVersion "1"]
[SourceVersionDate "2015.10.08"]
[SourceQuality "1"]
[WhiteTeam "Lila Futo"]
[BlackTeam "Budapest Kobanya"]
[WhiteTeamCountry "HUN"]
[BlackTeamCountry "HUN"]

1. d4 d5 2. Nf3 Nc6 3. g3 Bg4 4. Bg2 f6 5. c4 e6 6. cxd5 exd5 7. Nc3 Qd7 8. e3 Bb4 9. Qb3 0-0-0 10. Bd2 Bh3 11. 0-0 Bxg2 12. Kxg2 g5 13. h4 Nge7 14. a3 Bxc3 15. Bxc3 h5 16. Qc2 Rdg8 17. Rac1 Ng6 18. Rh1 Qg4 19. hxg5 h4 20. Rh3 fxg5 21. Nh2 Qd7 22. g4 Rh7 23. Qf5 Qxf5 24. gxf5 Nge7 25. Ng4 Rf8 26. f6 Ng8 27. Rf3 Rhf7 28. Rf5 Nxf6 29. Nxf6 Rxf6 30. Rxg5 Rxf2+ 31. Kh3 R2f3+ 32. Kxh4 Rxe3 33. Rxd5 Rg8 34. Rf1 Ne7 35. Rh5 Reg3 36. Rh8 Rxh8+ 37. Kxg3 Rg8+ 38. Kf2 Rf8+ 39. Ke2 Rxf1 40. Kxf1 Kd7 41. Ke2 Kc6 42. Kd3 Kd5 43. Be1 Nf5 44. Bf2 c6 45. b3 Nd6 46. a4 b6 47. Bg3 Ne4 48. Bb8 a6 49. Ba7 b5 50. a5 c5 51. dxc5 Nxc5+ 52. Kc3 Kc6 1/2-1/2

[Event "HUN-chT2 Maroczy 1314"]
[Site "Hungary"]
[Date "2013.09.08"]
[Round "1"]
[White "Kardon, Zoltan"]
[Black "Pesztericz, Laszlo"]
[Result "1/2-1/2"]
[WhiteElo "2178"]
[BlackElo "2094"]
[PlyCount "34"]
[EventDate "2013.09.08"]
[EventType "team-tourn"]
[EventRounds "11"]
[EventCountry "HUN"]
[SourceTitle "EXT 2016"]
[Source "ChessBase"]
[SourceDate "2015.10.08"]
[SourceVersion "1"]
[SourceVersionDate "2015.10.08"]
[SourceQuality "1"]
[WhiteTeam "Lila Futo"]
[BlackTeam "Budapest Vasas"]
[WhiteTeamCountry "HUN"]
[BlackTeamCountry "HUN"]

1. d4 Nf6 2. c4 g6 3. Nc3 Bg7 4. Nf3 d6 5. g3 0-0 6. Bg2 Nc6 7. 0-0 e5 8. b3 Nxd4 9. Nxd4 exd4 10. Qxd4 Ne4 11. Qxe4 Bxc3 12. Be3 Re8 13. Qf3 c6 14. Rad1 Qe7 15. a4 Be5 16. Rfe1 Bf5 17. Bd4 h5 1/2-1/2

[Event "HUN-chT2 Maroczy 1011"]
[Site "Hungary"]
[Date "2010.09.26"]
[Round "2"]
[White "Kardon, Zoltan"]
[Black "Ruboczki, Tibor"]
[Result "1-0"]
[WhiteElo "2150"]
[BlackElo "1896"]
[PlyCount "95"]
[EventDate "2010.09.12"]
[EventType "team-tourn"]
[EventRounds "11"]
[EventCountry "HUN"]
[SourceTitle "EXT 2012"]
[Source "ChessBase"]
[SourceDate "2011.11.24"]
[SourceVersion "1"]
[SourceVersionDate "2011.11.24"]
[SourceQuality "1"]
[WhiteTeam "Lila Futo"]
[BlackTeam "Nyiregyhaza"]
[WhiteTeamCountry "HUN"]
[BlackTeamCountry "HUN"]

1. d4 d5 2. Nf3 Nf6 3. c4 c6 4. cxd5 cxd5 5. Nc3 g6 6. e3 Bg7 7. Bb5+ Nc6 8. Ne5 Bd7 9. Qb3 e6 10. f4 0-0 11. Bd2 Nxe5 12. fxe5 Ng4 13. 0-0 Bc6 14. Rf4 Nh6 15. Raf1 Nf5 16. Bd3 Bh6 17. Ne2 Bxf4 18. Nxf4 Qb6 19. Qa3 Bb5 20. g4 Bxd3 21. Nxd3 Nxd4 22. exd4 Qxd4+ 23. Kh1 Rac8 24. Rf4 Qb6 25. Rb4 Qc6 26. Rd4 Qc2 27. Ne1 Qc6 28. Bh6 Rfe8 29. Qf3 f5 30. exf6 Kf7 31. Bg5 e5 32. Qxd5+ Qxd5+ 33. Rxd5 Ke6 34. Rb5 b6 35. Nf3 Rc5 36. Rb3 h6 37. Bxh6 Kxf6 38. Kg2 Rc2+ 39. Kg3 e4 40. Bg5+ Kf7 41. Nd4 Rc4 42. Nb5 Re6 43. Bf4 Ra4 44. a3 Ke7 45. Re3 a6 46. b3 Ra5 47. Nd4 Kf7 48. Nxe6 1-0

[Event "HUN-chT2 Maroczy 1011"]
[Site "Hungary"]
[Date "2010.09.12"]
[Round "1"]
[White "Kardon, Zoltan"]
[Black "Egri, Laszlo"]
[Result "1/2-1/2"]
[WhiteElo "2150"]
[BlackElo "2160"]
[PlyCount "61"]
[EventDate "2010.09.12"]
[EventType "team-tourn"]
[EventRounds "11"]
[EventCountry "HUN"]
[SourceTitle "EXT 2012"]
[Source "ChessBase"]
[SourceDate "2011.11.24"]
[SourceVersion "1"]
[SourceVersionDate "2011.11.24"]
[SourceQuality "1"]
[WhiteTeam "Lila Futo"]
[BlackTeam "Kisujszallas"]
[WhiteTeamCountry "HUN"]
[BlackTeamCountry "HUN"]

1. d4 Nf6 2. Nf3 g6 3. c4 Bg7 4. Nc3 0-0 5. e4 d6 6. Be2 Nbd7 7. 0-0 e5 8. d5 a5 9. Bg5 h6 10. Bh4 Nc5 11. Nd2 g5 12. Bg3 Nh7 13. Nb3 Nxb3 14. axb3 f5 15. exf5 Bxf5 16. Bd3 Qd7 17. Ne4 Nf6 18. Nxf6+ Bxf6 19. Bxf5 Qxf5 20. Qd2 b6 21. f3 Rae8 22. Rae1 Bg7 23. Re4 Re7 24. Qe2 Ref7 25. Be1 Qg6 26. Bd2 Rf6 27. Re1 Rf5 28. h3 R5f7 29. Bc1 Rf6 30. Qf2 Rf5 31. Bd2 1/2-1/2

[Event "HUN-chT2 Charousek 0809"]
[Site "Hungary"]
[Date "2009.02.08"]
[Round "7"]
[White "Kardon, Zoltan"]
[Black "Karsa, Laszlo"]
[Result "0-1"]
[WhiteElo "2211"]
[BlackElo "2340"]
[PlyCount "112"]
[EventDate "2008.10.26"]
[EventType "team-tourn"]
[EventRounds "11"]
[EventCountry "HUN"]
[SourceTitle "EXT 2010"]
[Source "ChessBase"]
[SourceDate "2010.11.25"]
[SourceVersion "1"]
[SourceVersionDate "2010.11.25"]
[SourceQuality "1"]
[WhiteTeam "Hobagoly"]
[BlackTeam "Pannonpower"]
[WhiteTeamCountry "HUN"]
[BlackTeamCountry "HUN"]

1. d4 Nf6 2. Nf3 g6 3. c4 Bg7 4. Nc3 c5 5. d5 0-0 6. g3 d6 7. Bg2 e6 8. 0-0 exd5 9. cxd5 Re8 10. Re1 a6 11. a4 Nbd7 12. h3 Rb8 13. Bf4 Qc7 14. a5 b5 15. axb6 Rxb6 16. Ra2 Rb4 17. Qd2 Nb6 18. Nh4 Rd4 19. Qc1 Nbxd5 20. Nxd5 Nxd5 21. e3 Nxf4 22. exd4 Ne2+ 23. Rxe2 Rxe2 24. Bf1 Re8 25. dxc5 dxc5 26. b4 Bd4 27. Kh2 Be6 28. Rd2 Qb6 29. Nf3 Qxb4 30. Nxd4 cxd4 31. Bxa6 Ra8 32. Be2 Rc8 33. Rc2 Rxc2 34. Qxc2 Qc3 35. Qe4 Qe1 36. Kg2 Qb4 37. g4 Qd6 38. Kg1 h6 39. h4 Qd8 40. h5 gxh5 41. gxh5 Qg5+ 42. Kh2 Bd5 43. Qg4 Qxg4 44. Bxg4 d3 45. Bd1 Ba2 46. Kg2 Bb1 47. Kf1 Bc2 48. Ke1 Bxd1 49. Kxd1 Kg7 50. Kd2 Kf6 51. Kxd3 Kg5 52. Ke4 Kxh5 53. Kf5 Kh4 54. Kf4 h5 55. Kf5 Kh3 56. Kg5 h4 0-1

[Event "HUN-chT2 Charousek 0809"]
[Site "Hungary"]
[Date "2008.11.02"]
[Round "2"]
[White "Kardon, Zoltan"]
[Black "Dudas, Eszter"]
[Result "1/2-1/2"]
[WhiteElo "2211"]
[BlackElo "2149"]
[PlyCount "89"]
[EventDate "2008.10.26"]
[EventType "team-tourn"]
[EventRounds "11"]
[EventCountry "HUN"]
[SourceTitle "EXT 2010"]
[Source "ChessBase"]
[SourceDate "2010.11.25"]
[SourceVersion "1"]
[SourceVersionDate "2010.11.25"]
[SourceQuality "1"]
[WhiteTeam "Hobagoly"]
[BlackTeam "Paks II"]
[WhiteTeamCountry "HUN"]
[BlackTeamCountry "HUN"]

1. d4 Nf6 2. Nf3 d6 3. c4 Nbd7 4. Nc3 e5 5. e3 g6 6. Be2 Bg7 7. 0-0 0-0 8. dxe5 dxe5 9. b3 b6 10. Bb2 Bb7 11. Qc2 Qe7 12. a4 Rfd8 13. Rfd1 e4 14. Nd2 Nc5 15. Nf1 h5 16. a5 Na6 17. axb6 axb6 18. Rxd8+ Rxd8 19. Rd1 Rxd1 20. Qxd1 Qd7 21. Qa1 Ne8 22. Nb5 c6 23. Bxg7 Nxg7 24. Nc3 c5 25. Nxe4 Bxe4 26. Qxa6 Qc6 27. f3 Bf5 28. Qa7 Bc2 29. Qa2 Bf5 30. Ng3 Qe8 31. Qd2 h4 32. Nf1 Qe7 33. Bd3 Bxd3 34. Qxd3 Nf5 35. Kf2 Kg7 36. Qd5 Qf6 37. e4 Nd4 38. e5 Qf5 39. Qe4 Qxe4 40. fxe4 Nxb3 41. Ne3 Nd4 42. Nd5 Nc6 43. Nxb6 Nxe5 44. Na4 Nxc4 45. Nxc5 1/2-1/2

[Event "HUN-chT2 Charousek 0809"]
[Site "Hungary"]
[Date "2008.10.26"]
[Round "1"]
[White "Adam, Gyorgy"]
[Black "Kardon, Zoltan"]
[Result "1/2-1/2"]
[WhiteElo "2067"]
[BlackElo "2211"]
[PlyCount "63"]
[EventDate "2008.10.26"]
[EventType "team-tourn"]
[EventRounds "11"]
[EventCountry "HUN"]
[SourceTitle "EXT 2010"]
[Source "ChessBase"]
[SourceDate "2010.11.25"]
[SourceVersion "1"]
[SourceVersionDate "2010.11.25"]
[SourceQuality "1"]
[WhiteTeam "Barcza"]
[BlackTeam "Hobagoly"]
[WhiteTeamCountry "HUN"]
[BlackTeamCountry "HUN"]

1. e4 c6 2. d4 d5 3. exd5 cxd5 4. c4 Nf6 5. Nc3 e6 6. Nf3 Be7 7. b3 0-0 8. Bd3 b6 9. 0-0 Bb7 10. Ne5 Nc6 11. Nxc6 Bxc6 12. Be3 Rc8 13. Rc1 Qd7 14. f3 Rfe8 15. cxd5 Nxd5 16. Nxd5 Bxd5 17. Rxc8 Rxc8 18. Qb1 g6 19. Rc1 Bf6 20. Rxc8+ Qxc8 21. Qc2 Qd7 22. Be4 Bxe4 23. Qxe4 Kg7 24. h4 Qc7 25. Bf4 Qc3 26. Be5 Qa1+ 27. Kh2 Qxa2 28. Qf4 Bxe5 29. dxe5 Kf8 30. Qf6 Ke8 31. Qh8+ Ke7 32. Qf6+ 1/2-1/2

[Event "HUN-chT2 Breyer 0708"]
[Site "Hungary"]
[Date "2008.03.30"]
[Round "9"]
[White "Kardon, Zoltan"]
[Black "Zoltan, Andras"]
[Result "1-0"]
[WhiteElo "2213"]
[BlackElo "2055"]
[PlyCount "65"]
[EventDate "2007.10.14"]
[EventType "team"]
[EventRounds "11"]
[EventCountry "HUN"]
[SourceTitle "EXT 2009"]
[Source "ChessBase"]
[SourceDate "2008.11.26"]
[SourceVersion "1"]
[SourceVersionDate "2008.11.26"]
[SourceQuality "1"]
[WhiteTeam "Hobagoly"]
[BlackTeam "Honved II"]
[WhiteTeamCountry "HUN"]
[BlackTeamCountry "HUN"]

1. d4 Nf6 2. Nf3 d5 3. Bf4 e6 4. Nbd2 Bd6 5. Bg3 c5 6. c3 Bxg3 7. hxg3 cxd4 8. cxd4 Nc6 9. e3 Qb6 10. Qc2 Bd7 11. Rc1 Rc8 12. Qb1 Ke7 13. Be2 Nb4 14. 0-0 Bb5 15. Bxb5 Qxb5 16. Rc3 Qa6 17. Rfc1 Rxc3 18. Rxc3 Nc6 19. a3 Rd8 20. b4 Qe2 21. b5 Nb8 22. Qb4+ Ke8 23. Rc7 Qd1+ 24. Nf1 Rd7 25. Rc8+ Rd8 26. Rxd8+ Kxd8 27. Qf8+ Ne8 28. Qxf7 Nd7 29. Qxe6 Qb3 30. Ng5 Nef6 31. Nf7+ Kc8 32. Qe7 Kc7 33. Qd8# 1-0